| 000 | 00575nam a2200181Ia 4500 | ||
|---|---|---|---|
| 003 | GCL | ||
| 008 | 140319s9999 xx 000 0 ara d | ||
| 040 |
_aGCL / _cGCL |
||
| 082 | 0 | 4 |
_aط _b239 _bع م |
| 100 | 1 | _aعبدالمنعم قنديل | |
| 245 | 1 | 0 |
_aهذا نبيك ياولدى / _cعبدالمنعم قنديل |
| 300 | _a421 ص | ||
| 490 |
_aمن شمائل النبى وسيرته العطرة _v0 |
||
| 650 | 0 | 4 | _aالسيرة النبوية |
| 650 | 0 | 4 | _aالقصص الدينية |
| 650 | 0 | 4 | _aالسيرة النبوية - الاخلاق |
| 942 |
_2ddc _cBK |
||
| 999 |
_c51719 _d51719 |
||